000 00851nam a22002297a 4500
999 _c195598
_d195598
005 20230406160624.0
010 _aENG-136636
020 _c3495.00
_a9789395116145
035 _aEN-120168
037 _bDBAD/PUB
082 _a346.540436
_214th
100 _aMulla, Dinshah Fardunji,
245 0 0 _aMulla The Transfer of Property Act /
_cBy Dinshaw Fardunji Mulla; Anand Venkatesh And Lakshmi Narayanan Venkatachari
250 _a14th edition
260 _aGurgaon
_bLexisNexis
_c2017
270 _a14th floor, Building No 10, Tower-B, DLF Cyber City, Phase-II ,
_bGurgaon
_e122002
_k91-124-4774444
_l+91-124-4774100
_mhelp.in@lexisnexis.com
300 _acdii,1244p.;
_c25cm(hbk)
500 _aIncludes index
700 _aVenkatesh, Anand
700 _aVenkatachari, Lakshmi Narayanan
942 _2ddc
_cEN
_mMUL
_h346.540436